Ethnic inequality and growth in Indonesia under the new order
Na minha lista:
| Autor principal: | |
|---|---|
| Formato: | Livro |
| Idioma: | inglês |
| Publicado em: |
Brisbane
The University of Queensland
1999
|
| Colecção: | Economic issues
No. 6 |
| Assuntos: | |
| Tags: |
Sem tags, seja o primeiro a adicionar uma tag!
|
MARC
| LEADER | 00000nam a2200000 4500 | ||
|---|---|---|---|
| 001 | c115046 | ||
| 005 | 20221221082246.3 | ||
| 022 | |a 1441-2780 | ||
| 041 | 0 | |a eng | |
| 044 | |a AU | ||
| 245 | 1 | 0 | |a Ethnic inequality and growth in Indonesia under the new order |c Joseph C.H. Chai |
| 264 | 1 | |a Brisbane |b The University of Queensland |c 1999 | |
| 300 | |a 15 s. | ||
| 490 | 1 | |a Economic issues |v No. 6 | |
| 830 | 0 | |a Economic issues |v No. 6 | |
| 610 | 2 | 0 | |a menšiny národnostné |
| 610 | 2 | 0 | |a politika národnostná |
| 610 | 2 | 0 | |a konflikty |
| 610 | 2 | 0 | |a politika hospodárska |
| 610 | 2 | 0 | |a rast hospodársky |
| 610 | 2 | 0 | |a vláda |
| 610 | 2 | 0 | |a industrializácia |
| 610 | 2 | 0 | |a obchod |
| 610 | 2 | 0 | |a vývoz |
| 610 | 2 | 0 | |a Indonézia |
| 610 | 2 | 0 | |a Malajzia |
| 100 | 1 | |a Chai, Joseph C.H. | |